| 000 | 00832nas a2200253 4500 | ||
|---|---|---|---|
| 001 | BR2010000045 | ||
| 003 | BR-BrBNA | ||
| 005 | 20231205114036.0 | ||
| 007 | ta | ||
| 008 | 230509b bl.|||p| |||| 00| 00por d | ||
| 040 |
_aBR-BrBNA _bpor _cBiblioteca Nacional de Agricultura |
||
| 041 | _a(En) | ||
| 072 | _aL72; M12 | ||
| 100 | 1 | _aAlbuquerque, M.C. | |
| 100 | 1 | _aOsório, A.M. | |
| 100 | 1 | _aThatcher, V.E. | |
| 100 | 1 | _aSato, M.C.B. | |
| 245 | 1 | _aCopepod parasites of Curimatella lepidura( Characiformes, curimatidae)from the Três Marias Reservoir, Brazil | |
| 650 | _aPEIXE | ||
| 650 | _aPARASITISMO | ||
| 773 | 0 |
_tArquivo Brasileira de Medicina Veterinária e Zootecnia (Brazil) _xISSN 0102-0935 _g(Oct 2008), v. 60(5) p. 1271-1273 _wBR2010000045 |
|
| 909 |
_a202311 _bLúcia _c55 _dLúcia Elande |
||
| 942 |
_2AGRIS _n0 _cANA |
||
| 999 |
_c206842 _d206842 |
||